000 00462nam a2200181Ia 4500
008 240925s9999 xx 000 0 und d
020 _a9781138629707
082 _a301 THO
100 _aThompson, Neil
245 0 _aApplied sociology
250 _aNA
260 _aNew York:
_bRoutlege Taylor & Francis Group
_c,2018.
300 _a272p.
_b0
_fOriginal
500 _aIncludes Index
600 _aSocial Sciences
650 _aSocial Sciences
942 _cBK
999 _c17461
_d17461